The science of entomology / (Record no. 19034)

000 -LEADER
fixed length control field 00580cam a2200193 a 4500
020 ## - INTERNATIONAL STANDARD BOOK NUMBER
ISBN 0697228487
040 ## - CATALOGING SOURCE
Transcribing agency PGraM
082 00 - DEWEY DECIMAL CLASSIFICATION NUMBER
Classification number 595 WCB 1998 C159 Or.
100 1# - MAIN ENTRY--AUTHOR NAME
Personal name Romoser, William S.
245 14 - TITLE STATEMENT
Title The science of entomology /
250 ## - EDITION STATEMENT
Edition statement 4th ed.
260 ## - PUBLICATION, DISTRIBUTION, ETC. (IMPRINT)
Place of publication Boston, Mass. :
Name of publisher WCB McGraw-Hill,
Year of publication c1998.
300 ## - PHYSICAL DESCRIPTION
Number of Pages xiv, 605 p. :
Other physical details ill., maps ;
Dimensions 29 cm.
650 #0 - SUBJECT ADDED ENTRY--TOPICAL TERM
Topical Term Entomology.
700 1# - ADDED ENTRY--PERSONAL NAME
Personal name Stoffolano, J. G.
856 42 - ELECTRONIC LOCATION AND ACCESS
Uniform Resource Identifier http://www.loc.gov/catdir/description/mh022/96086438.html
856 41 - ELECTRONIC LOCATION AND ACCESS
Uniform Resource Identifier http://www.loc.gov/catdir/toc/mh023/96086438.html
942 ## - ADDED ENTRY ELEMENTS (KOHA)
Koha item type ADB
952 ## - LOCATION AND ITEM INFORMATION (KOHA)
Withdrawn status [LOCAL, KOHA] 0
Holdings
Koha item type Source of acquisition Lost status Permanent Location Current Location Date acquired Full call number
សៀវភៅភាសាអង់គ្លេសA37066 Library Block CLibrary Block C2020-03-02595 WCB 1998 C159 Or.
មជ្ឈមណ្ឌលឯការនៃសាកលវិទ្យាល័យភូមិន្ទកសិកម្មចំការដូង

Powered by Koha